Statistics for Vocabulary starting with C

Click here to take the quiz!

General Stats

  • This quiz has been taken 36 times
    (24 since last reset)
  • The average score is 16 of 20

Answer Stats

HINTANSWER% Correct
What mode of transportation has four wheels and is commonly used for personal transportation?Car
95%
What four-legged furry animal is often kept as a pet?Cat
95%
What sweet baked dessert is typically made with flour, sugar, eggs, and butter or oil?Cake
90%
What device is used to capture still or moving images by recording light or other electromagnetic radiation?Camera
90%
What dairy product typically made from the milk of cows, goats, or sheep?Cheese
90%
What hot beverage is made from roasted coffee beans and is commonly consumed in the morning?Coffee
90%
What piece of furniture typically has a backrest and is designed for sitting?Chair
86%
What large and densely populated urban area is often the center of commerce, culture, and government?City
86%
What time-measuring device typically used to indicate hours, minutes, and sometimes seconds?Clock
86%
What small, flat, and typically round piece of metal is used as a medium of exchange?Coin
86%
What flightless bird is often raised for meat and eggs?Chicken
81%
What electronic device is commonly used for work, entertainment, and communication?Computer
81%
What small, usually cylindrical, container typically used for holding a beverage?Cup
81%
A screen of heavy cloth or other material that can be raised or lowered at the front of a stage?Curtain
81%
What spiny plant is often found in arid regions and is known for its ability to store water?Cactus
76%
What article of clothing is typically worn on the upper body and is designed to keep a person warm?Coat
76%
What visible mass of condensed water vapor appears in the atmosphere as white or grayish mist, fog, or haze?Cloud
71%
What baked treat is often round, flat, and can come in a variety of flavors and textures?Cookie
67%
What insulated wire typically used to transmit electrical power or telecommunications signals?Cable
57%
What portable source of light typically used for illumination or ambiance?Candle
43%

Score Distribution

Percentile by Number Answered

Percent of People with Each Score

Your Score History

You have not taken this quiz since the last reset